000 00690nam a2200193Ii 4500
003 JO-AjNU
008 230605s9999||||xx |||||||||||||| ||und||
040 _aJO-AjNU
_bara
_erda
_cJO-AjNU
041 _aara
050 1 4 _aPJ7538.H3582 2002
100 3 _aتأليف الحمداني، سالم أحمد ؛ محمد أحمد ربيع,
_eauthor
_915660
245 0 0 _aدراسات في الأدب العربي الحديث، الجزء الأول
264 3 1 _aجرش: د.ن، 1900
300 _aج1، 176ص
336 _atext
_btxt
_2rdacontent
337 _aunmediated
_bn
_2rdamedia
338 _avolume
_bnc
_2rdacarrier
650 4 _aالأدب العربي - العصر الحديث
_915661
999 _aA4473
_c8041
_d8041